[Event "BCF-chT4 0304 (4NCL)"]
[Site "West Bromwich "]
[Date "2004.06.20"]
[Round "11.5"]
[White "Spencer, Carl J"]
[Black "Antoine, Violaine"]
[Result "1-0"]
[WhiteElo "1880"]
[BlackElo "1530"]
[PlyCount "39"]
[EventDate "2003.10.??"]
[EventType "team"]
[EventRounds "11"]
[EventCountry "ENG"]
[SourceTitle "EXT 2005"]
[Source "ChessBase"]
[SourceDate "2004.11.15"]
[SourceVersion "1"]
[SourceVersionDate "2004.11.15"]
[SourceQuality "1"]
[WhiteTeam "Cambridge"]
[BlackTeam "Pontypridd"]
[WhiteTeamCountry "ENG"]
[BlackTeamCountry "ENG"]

1. e4 c5 2. Nf3 Nc6 3. Bb5 Nf6 4. Nc3 e6 5. 0-0 Be7 6. e5 Ng4 7. Re1 Qc7 8. Bxc6 Qxc6 9. d4 h5 10. d5 exd5 11. Nxd5 b6 12. c4 Bd8 13. h3 Nh6 14. Bg5 Bb7 15. e6 dxe6 16. Ne5 Qc8 17. Qxh5 g6 18. Nxg6 Bxg5 19. Qxg5 Qd8 20. Nf6+ 1-0